000
00279nam a22001217a 4500
008
170707b xxu||||| |||| 00| 0 eng d
041
_a
eng
080
_a
82
100
_a
22
101
_a
22
245
_a
A LETTER CONCERING TOLERATION CONCERNING
_c
HUME.D
942
_2
udc
_c
BK
999
_c
20067
_d
20067